000 00700nam a2200217Ia 4500
003 GCL
008 140319s9999 xx 000 0 ara d
040 _aGCL /
_cGCL
082 0 4 _a150.1952
_bك ن
100 1 _aكمال بكداش
245 1 0 _aنظريات فى علم النفس - الفرودية- السلوكية- الجشطالتية /
_cكمال بكداش
260 _a[S.N] :
_bالمؤسسة الجامعية للدراسات والنشر والتوزيع ،
_c1986
300 _a120 ص
490 _a
650 0 4 _aعلم النبات
650 0 4 _aعلم النفس
650 0 4 _aمذهب فرويد
650 0 4 _aالسلوك
650 0 4 _aالجشطلت
942 _2ddc
_cBK
999 _c47541
_d47541